000 00238nam a2200109Ia 4500
005 20251222113741.0
008 251222s1900||||xx |||||||||||||| ||spa||
082 _aDVD0120/F75/2005
245 0 _aAmadeus
264 _bWarner Bros
942 _cDVD
999 _c613
_d613